Score 0/25 Timer 07:00
0 Plays Today
Answer % Correct
Audi
97.5%
BMW
97.1%
Honda
97%
Jaguar
96.2%
Chevrolet
94.3%
Toyota
93.2%
Mercedes-Benz
92.2%
Ferrari
91.9%
Nissan
90.7%
Volkswagen
89.1%
General Motors
88.7%
Subaru
86.4%
Rolls-Royce
85.4%
Answer % Correct
Dodge
83.8%
Porsche
83%
Kia
81.6%
Lamborghini
76.7%
Infiniti
66.1%
Opel
64.5%
Eagle
57.2%
Yamaha
47.9%
UAZ
7.2%
Wiesmann
6.8%
Qoros
6.5%
Zenos
6.1%
Remove Ads.
Support Sporcle.
Get the best of Sporcle when you Go Orange. This ad-free experience offers more features, more stats, and more fun while also helping to support Sporcle. Thank you for becoming a member.

You're not logged in!

Compare scores with friends on all Sporcle quizzes.
OR
Log In

Show Comments

Extras

Top Quizzes Today


Score Distribution

Your Account Isn't Verified!

In order to create a playlist on Sporcle, you need to verify the email address you used during registration. Go to your Sporcle Settings to finish the process.

Report this User

Report this user for behavior that violates our Community Guidelines.

Details: